Pleito de Juan Antonio Rodríguez contra el albacea Miguel de Vivanco, donde el primero acepta la apelación del albacea, pero que antes se liquide lo que resultó a favor en la primera sentencia

Detalles Bibliográficos
Formato: Libro
Publicado: s.l., s.f.
Materias:
Colección:Banco de datos
Acervo:Biblioteca Palafoxiana. Colección de Manuscritos
Descripción Física:2 f. ; 20 x 13 cm.
Tema general:Civil
LEADER 00493nam a22001330004500
035 |a 1220 
245 1 0 |a Pleito de Juan Antonio Rodríguez contra el albacea Miguel de Vivanco, donde el primero acepta la apelación del albacea, pero que antes se liquide lo que resultó a favor en la primera sentencia 
260 |a s.l., s.f. 
300 |a 2 f. ; 20 x 13 cm. 
650 1 0 |a Civil 
949 |a 32164/004 
942 |c PALAMANU 
943 |g Biblioteca Palafoxiana. Colección de Manuscritos 
999 |c 1069165  |d 1069165